| 000 | 00573nam a22001817a 4500 | ||
|---|---|---|---|
| 003 | BD-DhUL | ||
| 005 | 20161113173813.0 | ||
| 008 | 161113s1970 en |||| |||| 000 0 eng d | ||
| 040 |
_aBD-DhUL _cBD-DhUL |
||
| 082 |
_a080 _bDEW |
||
| 100 | 1 | _aDevlin, Lord | |
| 245 | 1 | 0 |
_aWhat's worng with the law ? - Lord Devlin / _cLord Devlin, Morris finter, Anthony, Lester, Norman S. Marsh |
| 260 |
_aLondon : _bBritsh Broadcasting Corporation, _c1970. |
||
| 300 |
_aix, 126p. ; _c21 cm. |
||
| 650 | _aNationalism. | ||
| 700 | 0 | _aAnthony, Lester, Norman S. Marsh | |
| 942 |
_2ddc _cBK |
||
| 999 |
_c122761 _d122761 |
||